00353nam a22001337a 450000500170000000800410001704100120005808200130007010000120008324500390009526000350013430000250016965000250019420240820071401.0240820b |||||||| |||| 00| 0 eng d aEnglish a349 LAW  lEnglish aThe Law Reports: Probate Division  aLondon: bThe Council, c1940  b235 pages; c25 cm.  aLegal practice bLaw